000 00899nam a22002417a 4500
999 _c1220
_d1220
003 AR-CdUCM
008 190226b ||||| |||| 00| 0 spa d
040 _aMUNICIPALIDAD PROVINCIAL DEL CUSCO
_cBIBLIOTECA MUNICIPAL DEL CUSCO
082 _a869.56 /
_bB18
245 _aCesar Vallejo :
_bTeatro Completo /
260 _aLima :
_bIndustrial Grafica,
_c1979.
300 _a2 tomos ;
_c25cm.
500 _ateatro
505 _aContenido : t.I: La escritura escénica de Vallejo -- Lock Out -- Entre las dos orillas -- t.II: Colacho hermanos o presidentes de América, farsa en seis actos -- La piedra cansada.
650 _aEscritura
_94757
650 _aTeatro completo
_94758
650 _aCultura Nacional
_94759
650 _aPerú
_935
700 _aBallon Aguirre, Enrique (traducciones y notas)
_94760
700 _aCumpa, Victor
_94761
942 _2ddc
_cLIBROS
945 _apjha
_d2019-02-26